000 00656nam a2200217Ia 4500
003 GCL
008 140319s9999 xx 000 0 ara d
040 _aGCL /
_cGCL
082 0 4 _aط
_b925
_bس ع
100 1 _aسليمان فياض
245 1 0 _aالدميرى: عالم الحيوان /
_cسليمان فياض
700 1 _aاسماعيل دياب
260 _a[S.N] :
_bمركز الاهرام للترجمة والنشر ،
_c1993
300 _a47 ص
490 _aعلماء العرب
_v0
650 0 4 _aالاطفال
650 0 4 _aالقصص
650 0 4 _aقصص الاطفال
650 0 4 _aالعلماء العرب
942 _2ddc
_cBK
999 _c56459
_d56459